Loading...
Literature - European Literature | 0 | 4 | 0 | 0 | 40 | 81 | 96.75 | 0 | 1 |
Science - Other Science | 0 | 4 | 1 | 0 | 35 | 23 | 48.50 | 1 | 3 |
Philosophy | 0 | 3 | 0 | 1 | 30 | 93 | 97.00 | 0 | 0 |
History - European History | 0 | 3 | 0 | 2 | 30 | 81 | 89.00 | 0 | 0 |
History - Other History | 0 | 2 | 0 | 1 | 20 | 87 | 92.50 | 0 | 0 |
Literature - American Literature | 0 | 2 | 0 | 0 | 20 | 96 | 99.50 | 0 | 0 |
Literature - World Literature | 0 | 2 | 1 | 0 | 15 | 62 | 76.50 | 0 | 2 |
Painting/Sculpture | 0 | 2 | 1 | 2 | 15 | 115 | 115.50 | 0 | 0 |
Religion | 0 | 1 | 0 | 0 | 10 | 88 | 88.00 | 0 | 1 |
Current Events | 0 | 1 | 0 | 0 | 10 | 66 | 66.00 | 0 | 0 |
Pop Culture | 0 | 1 | 0 | 0 | 10 | 27 | 27.00 | 0 | 0 |
Fine Arts - Other Fine Arts | 0 | 1 | 1 | 0 | 5 | 86 | 86.00 | 0 | 0 |
Social Science | 0 | 0 | 1 | 0 | -5 | 0.00 | 0 | 0 | |
Mythology | 0 | 0 | 1 | 0 | -5 | 0.00 | 0 | 0 |